Η πράξη λόγου στα ψηφιακά περιβάλλοντα Παναγιώτης Αρβανίτης, Αικατερίνη Κιγιτσιόγλου-Βλάχου.

Αποθηκεύτηκε σε:
Λεπτομέρειες βιβλιογραφικής εγγραφής
Κύριοι συγγραφείς: Αρβανίτης, Παναγιώτης, Κιγιτσιόγλου-Βλάχου, Αικατερίνη (Συγγραφέας)
Άλλοι συγγραφείς: Μάζης, Ιωάννης Θ. (Συγγραφέας εισαγωγής κ.λπ.)
Μορφή: Βιβλίο
Γλώσσα:Greek
Δημοσίευση: Αθήνα : Παπαζήσης, 2013.
Σειρά:Πολιτική και πολιτισμός (Παπαζήσης)
Θέματα:
Ετικέτες: Προσθήκη ετικέτας
Δεν υπάρχουν, Καταχωρήστε ετικέτα πρώτοι!

MARC

LEADER 00000cam a2200000 a 4500
001 1/116657
008 180525s2013####gr | ||| |||| ||gre||
020 |a 9789600228588 
040 |a GR-MyUa  |b gre  |c GR-MyUa  |e AACR2 
041 0 |a gre 
082 7 |a 371.33   |2 (23) 
100 1 |a Αρβανίτης, Παναγιώτης. 
245 1 2 |a Η πράξη λόγου στα ψηφιακά περιβάλλοντα /   |b Παναγιώτης Αρβανίτης, Αικατερίνη Κιγιτσιόγλου-Βλάχου.  
260 |a Αθήνα :   |b Παπαζήσης,   |c 2013.  
300 |a 346 σ. :   |b εικ., πίν. ;   |c 24 εκ.  
490 1 |a (Πολιτική και πολιτισμός / Παπαζήσης) 
500 |a Geo Cultures. Γλώσσα και πολιτισμός.  
500 |a Περιέχει υποσημειώσεις.  
504 |a Περιλαμβάνει βιβλιογραφικές αναφορές.  
650 0 |a Web databases. 
650 0 |a Educational technology  |x Study and teaching. 
650 0 |a Information technology  |x Educational aspects. 
650 0 |a World Wide Web. 
700 1 |a Κιγιτσιόγλου-Βλάχου, Αικατερίνη,  |e aut 
700 1 |a Μάζης, Ιωάννης Θ.  |e aui 
830 0 |a Πολιτική και πολιτισμός (Παπαζήσης) 
852 |a INST  |b RHODES  |c EUDOXUS  |e 20180525  |h 371.33 ΑΡΒ  |p 005400040073  |q 005400040073  |t EDX  |y 0 
852 |a INST  |b RHODES  |c EUDOXUS  |e 20230117  |h 371.33 ΑΡΒ  |p 005400043288  |q 005400043288  |t EDX  |y 0 
920 |a Εύδοξος  |b Παραγγελία  |y Ρόδος-ΤΜΣ  |z 2018-04 
920 |a Εύδοξος  |b Παραγγελία  |y Ρόδος-ΤΜΣ  |z 2022-12 
970 |z 25-05-2018